| 000 | 00757nam a2200229 a 4500 | ||
|---|---|---|---|
| 001 | 59253 | ||
| 003 | BD-RjUL | ||
| 005 | 20211209080717.0 | ||
| 008 | 161222s1976 ne |||| |||| 001 0 eng d | ||
| 020 | _a0444998284 | ||
| 035 | _a(BD-RjUL)59377 | ||
| 040 |
_aBD-RjUL _beng _cBD-RjUL |
||
| 041 | _aeng | ||
| 082 |
_223 _a570.3 _bHAD 1976 |
||
| 100 |
_aHaensch, Gunther _9176237 |
||
| 245 |
_aDictionary of biology : _bEnglish / German / French / Spanish / _cBy Gunter Haensch and Gisela Haberkamp De Anton |
||
| 260 |
_aAmsterdam : _bElsevier Scientific Publishing Company, _c1976. |
||
| 300 |
_axii., 483 p. ; _c23 cm. |
||
| 650 |
_aBiology _vDictionaries _xPolyglot. _9176508 |
||
| 700 |
_aAnton, Gisela Haberkamp De, Jt. Auth. _9176294 |
||
| 942 |
_2ddc _cREF |
||
| 999 |
_c59253 _d59253 |
||